000 00605nam a2200241 a 4500
001 nice12345678
003 IN_TiNIC
005 20260116011805.0
008 050524s1969 dela grp 000 0 urd
020 _a
_c8
082 0 0 _a891.4391092
_bFUR
100 _aFurqat, Ghulam Ahmad Kakori
245 _aGhalib Khasta Ke Baghair
260 _aDelhi
_bMaktaba Shah Rah
_c1969
300 _a314p
500 _aincludes index and biblioraphy
505 2 _aVarious Documents
650 _aGhalib-Essays
700 1 _aFurqat, Ghulam Ahmad Kakori
902 _bSRS
942 _cBK
999 _c3982
_d3982